000 00299nam a22001337a 4500
003 SGT
082 _a340,SAN
100 _aSANKARAN, KAMALA
245 _aJURISPRUDENCE - II
260 _aNEW DELHI
_bUNIVERSITY OF DELHI
_c2015
300 _a181
650 _aJURISPRUDENCE - II
942 _2ddc
_cBK
_07
999 _c15286
_d15286